000
00266nam a22001217a 4500
008
181019b xxu||||| |||| 00| 0 eng d
041
_a
eng
080
_a
316
100
_a
50
101
_a
PSI
245
_a
Development Sentence Analysis
_c
Lee.p
942
_2
udc
_c
BK
999
_c
50249
_d
50249